00373nam a2200133 a 4500008004100000020001500041050001600056100002300072245004900095250001200144260005100156300002300207350000900230120416s1994 ||||||||||||||||| || u a0131767364 aHG 1621 Van aVan Horne, James C10aFinancial market rates and flows. -- 4th ed. a4th ed. aEnglewood Cliffs, N.J.bFT Prentice-Hallc1994 axiii, 338p. : ill. a0.00